| 000 | 00910cam a22002771 4500 | ||
|---|---|---|---|
| 001 | gs 65000342 | ||
| 003 | DLC | ||
| 005 | 20260227111417.0 | ||
| 008 | 780804s1965 dcuab b f000 0 eng c | ||
| 010 | _ags 65000342 | ||
| 035 | _a(OCoLC)4112420 | ||
| 040 |
_aU.S. Geol. Survey. Libr. _cCLS _dOCoLC _dDLC |
||
| 042 | _apremarc | ||
| 043 | _an-us--- | ||
| 050 | 0 | 0 |
_aTC801 _b.U2 no. 1797 |
| 051 |
_aTD223 _b.P52 |
||
| 082 | _a333.9100973 | ||
| 100 | 1 |
_aPiper, Arthur M. _q(Arthur Maine), _d1898- |
|
| 245 | 1 | 0 |
_aHas the United States enough water? _cby A. M. Piper. |
| 260 |
_aWashington, _bU.S. Govt. Print. Off., _c1965. |
||
| 300 |
_aiii, 27 p. _billus., maps (3 fold. col. in pocket) _c24 cm. |
||
| 490 | 1 |
_aGeological Survey (U.S.) Water-supply paper _v1797 |
|
| 504 | _aBibliography: p. 26-27. | ||
| 650 | 0 |
_aWater-supply _zUnited States. |
|
| 830 | 0 |
_aWater-supply paper (Washington, D.C.) ; _v1797. |
|
| 999 |
_c30092 _d30092 |
||